Islas Compartidas - Estadísticas

Estadísticas generales
  • Esta prueba ha sido intentada 18 veces
  • La puntuación promedio es 32 de 35
Estadísticas de respuestas
Hint Respuesta % Correcto
Isla de los Faisanes España
100%
Isla de los Faisanes Francia
100%
Isla San Martín Francia
100%
Isla de Timor Indonesia
100%
Isla Borneo Indonesia
100%
Nueva Guinea Indonesia
100%
Isla de Sebatik Indonesia
100%
Isla Borneo Malasia
100%
Isla de Sebatik Malasia
100%
Nueva Guinea Papúa Nueva Guinea
100%
Isla La Hispaniola República Dominicana
100%
Isla Grande Tierra de Fuego Argentina
93%
Isla Martín García-Timoteo Domínguez Argentina
93%
Isla Hans Canadá
93%
Isla Currys Canadá
93%
Isla Grande Tierra de Fuego Chile
93%
Isla de Chipre Chipre
93%
Isla Currys Estados Unidos
93%
Isla La Hispaniola Haití
93%
Isla de Irlanda Irlanda
93%
Isla de Chipre Reino Unido
93%
Isla de Irlanda Reino Unido
93%
Isla Martín García-Timoteo Domínguez Uruguay
93%
Isla Borneo Brunéi
87%
Isla Hans Dinamarca
87%
Isla Märket Finlandia
87%
Isla Koiluoto Finlandia
87%
Isla Kataja Finlandia
87%
Isla San Martín Países Bajos
87%
Isla Koiluoto Rusia
87%
Isla Märket Suecia
87%
Isla Kataja Suecia
87%
Isla de Timor Timor Oriental
80%
Isla Usedom Alemania
60%
Isla Usedom Polonia
60%
No se encontraron pruebas coincidentes
Distribución de puntuación
Porcentaje de gente con cada puntuación
Porcentaje por número respondido
Historial de tus puntuaciones
No has intentado esta prueba.